| 000 | 00847nam a2200205 a 4500 | ||
|---|---|---|---|
| 003 | 0 | ||
| 005 | 20250603084230.0 | ||
| 008 | 021121s19uu xx 00 eng d | ||
| 050 |
_aPGS RA 1242.T6 _b.D366 2000 |
||
| 100 | _aDe Luzuriaga , Antonio Rafael R. | ||
| 245 |
_aThe perception of the third year Southville International School students on the effects of smoking / _cAntonio Rafael R. De Luzuriaga. |
||
| 260 |
_aLas PiƱas City, Philippines : _bSouthville International School and Colleges, _c2000. |
||
| 300 |
_a50 pages : _bcolored illustrations ; _c28 cm. |
||
| 504 | _aIncludes bibliographical references. | ||
| 650 |
_aSmoking _vHealth aspects. |
||
| 650 |
_aSmoking _vPsychological aspects. |
||
| 650 |
_aSmoking _vSocial aspects. |
||
| 650 |
_aHigh school students _vHealth knowledge, attitudes, practice. |
||
| 942 |
_2lcc _cPASS |
||
| 999 |
_c96351 _d96351 |
||